[Event "Bad Woerishofen op 16th"]
[Site "Bad Woerishofen"]
[Date "2000.03.21"]
[Round "5"]
[White "Lecheler, Rudolf"]
[Black "Salvermoser, Bernd"]
[Result "0-1"]
[WhiteElo "1720"]
[BlackElo "2265"]
[PlyCount "112"]
[EventDate "2000.03.??"]
[EventType "swiss"]
[EventRounds "9"]
[EventCountry "GER"]
[SourceTitle "CBM 075 Extra"]
[Source "ChessBase"]
[SourceDate "2000.05.11"]
[SourceVersion "2"]
[SourceVersionDate "2000.05.11"]
[SourceQuality "1"]

1. Nf3 c5 2. c4 b6 3. g3 Bb7 4. Bg2 Nf6 5. 0-0 e6 6. b3 Be7 7. Bb2 d6 8. d3 0-0 9. Nbd2 Nbd7 10. Rc1 d5 11. e3 Qb8 12. Qe2 Re8 13. Rfd1 e5 14. e4 d4 15. Bh3 Rf8 16. Rf1 Qc7 17. Rc2 g6 18. Bc1 Bd6 19. Nb1 Nh5 20. Bh6 Ng7 21. Ng5 Kh8 22. Qf3 Kg8 23. Qe2 Nf6 24. Qd2 Nfh5 25. Bg4 Rfe8 26. Nh3 Nf6 27. Bf3 Kh8 28. Bg2 Ng4 29. f3 Nxh6 30. Qxh6 f6 31. f4 Bf8 32. Qh4 exf4 33. gxf4 Be7 34. Qg4 f5 35. Qe2 fxe4 36. dxe4 Rad8 37. Qd3 Rf8 38. Re2 Nh5 39. f5 gxf5 40. exf5 Bc8 41. Bd5 Ng7 42. Be4 Rf6 43. Ref2 Rg8 44. Kh1 Rgf8 45. Nd2 Qd7 46. Nf3 Nxf5 47. Ne5 Qe6 48. Ng6+ hxg6 49. Ng5 Qg8 50. Qh3+ Kg7 51. Bd5 Qh8 52. Qd3 Qh4 53. Rg2 Ne3 54. Rxf6 Rxf6 55. Rg1 Bd6 56. Nf3 Qf2 0-1